[Event "Capablanca Memorial op 57th"]
[Site "Havana"]
[Date "2024.05.12"]
[Round "10"]
[White "Rodriguez Arrieta, Maria Elena"]
[Black "Palsson, Halldor Peter"]
[Result "1-0"]
[WhiteElo "1951"]
[BlackElo "1840"]
[PlyCount "67"]
[EventDate "2024.05.03"]
[EventType "swiss"]
[EventRounds "10"]
[EventCountry "CUB"]
[SourceTitle "EXT 2025"]
[Source "ChessBase"]
[SourceDate "2024.10.14"]
[SourceVersion "1"]
[SourceVersionDate "2024.10.14"]
[SourceQuality "1"]

1. e4 e6 2. d3 d5 3. Nd2 Nf6 4. Ngf3 c5 5. g3 b6 6. Bg2 Bb7 7. Qe2 Nc6 8. 0-0 h6 9. Re1 Be7 10. c3 dxe4 11. dxe4 e5 12. Nc4 Qc7 13. Nh4 g6 14. f4 0-0-0 15. Bh3+ Nd7 16. Nf3 f6 17. Ne3 Ncb8 18. Nd5 Bxd5 19. exd5 Bd6 20. fxe5 fxe5 21. Bd2 Kb7 22. a4 a6 23. b4 Rde8 24. Nh4 Reg8 25. Rf1 g5 26. Nf5 Rf8 27. Ng7 Rxf1+ 28. Rxf1 Nf8 29. Ne6 Qe7 30. bxc5 bxc5 31. Rb1+ Ka7 32. Be3 Nxe6 33. dxe6 Nc6 34. Bf1 1-0

[Event "Capablanca Memorial op 57th"]
[Site "Havana"]
[Date "2024.05.03"]
[Round "1"]
[White "Palsson, Halldor Peter"]
[Black "Cabezas Solano, David Alejandro"]
[Result "0-1"]
[WhiteElo "1840"]
[BlackElo "2202"]
[PlyCount "79"]
[EventDate "2024.05.03"]
[EventType "swiss"]
[EventRounds "10"]
[EventCountry "CUB"]
[SourceTitle "EXT 2025"]
[Source "ChessBase"]
[SourceDate "2024.10.14"]
[SourceVersion "1"]
[SourceVersionDate "2024.10.14"]
[SourceQuality "1"]

1. d4 Nf6 2. c4 e6 3. Nc3 d5 4. cxd5 exd5 5. Bg5 c6 6. e3 Be7 7. Bd3 Nbd7 8. Nge2 0-0 9. Qc2 Re8 10. 0-0 Nf8 11. f3 g6 12. Rae1 Ne6 13. Bh4 b5 14. a3 Qb6 15. Bf2 a6 16. e4 dxe4 17. Nxe4 Nd5 18. g3 Ng5 19. Nxg5 Bxg5 20. f4 Bf6 21. Rc1 Bg4 22. Rfe1 Bxe2 23. Rxe2 Rxe2 24. Bxe2 Bxd4 25. Bf3 Re8 26. Kg2 Bxf2 27. Qxf2 Ne3+ 28. Kg1 c5 29. f5 Re5 30. fxg6 fxg6 31. Rc3 Qe6 32. h3 a5 33. g4 b4 34. axb4 axb4 35. Rd3 Kg7 36. b3 c4 37. bxc4 Qxc4 38. Rd7+ Kf6 39. Rb7 Rc5 40. Qb2+ 0-1

[Event "Capablanca Memorial op 53rd"]
[Site "Havana"]
[Date "2018.05.11"]
[Round "3"]
[White "Perez Ramirez, Kenia"]
[Black "Palsson, Halldor Peter"]
[Result "1/2-1/2"]
[WhiteElo "1984"]
[BlackElo "1870"]
[PlyCount "78"]
[EventDate "2018.05.09"]
[EventType "swiss"]
[EventRounds "10"]
[EventCountry "CUB"]
[SourceTitle "EXT 2019"]
[Source "ChessBase"]
[SourceDate "2018.10.10"]
[SourceVersion "1"]
[SourceVersionDate "2018.10.10"]
[SourceQuality "1"]

1. e4 e6 2. Qe2 c5 3. g3 Nc6 4. c3 Nge7 5. Bg2 g6 6. d3 Bg7 7. Be3 b6 8. Nd2 Bb7 9. f4 0-0 10. Ngf3 d5 11. Bf2 d4 12. c4 e5 13. 0-0 Qc7 14. fxe5 Nxe5 15. Nxe5 Bxe5 16. Nf3 Bg7 17. Be1 h6 18. Bd2 g5 19. Bh3 Qc6 20. Ne1 Rae8 21. Qh5 f5 22. Bg2 Qg6 23. Qxg6 Nxg6 24. exf5 Bxg2 25. Nxg2 Ne5 26. Ne1 Ng4 27. Ng2 Re2 28. Rad1 Ne3 29. Nxe3 dxe3 30. Bc3 Bxc3 31. bxc3 Rxa2 32. Rde1 Re8 33. Rf3 e2 34. g4 Rc2 35. Kf2 Rxc3 36. Re3 Rxe3 37. Kxe3 Rc2 38. Rxe2 Rxe2+ 39. Kxe2 Kg7 1/2-1/2

[Event "Capablanca Memorial op 53rd"]
[Site "Havana"]
[Date "2018.05.09"]
[Round "1"]
[White "Morales Garcia, Alexei"]
[Black "Palsson, Halldor Peter"]
[Result "1-0"]
[WhiteElo "2145"]
[BlackElo "1870"]
[PlyCount "141"]
[EventDate "2018.05.09"]
[EventType "swiss"]
[EventRounds "10"]
[EventCountry "CUB"]
[SourceTitle "EXT 2019"]
[Source "ChessBase"]
[SourceDate "2018.10.10"]
[SourceVersion "1"]
[SourceVersionDate "2018.10.10"]
[SourceQuality "1"]

1. d4 f5 2. Nf3 Nf6 3. c4 e6 4. g3 d5 5. Bg2 c6 6. Nc3 Bd6 7. 0-0 0-0 8. cxd5 exd5 9. Bf4 Be7 10. a3 a5 11. Rc1 Na6 12. Ne5 Nc7 13. Nd3 Ne6 14. Be5 Ng4 15. e3 Qe8 16. Na4 Nxe5 17. Nxe5 Ra6 18. Nd3 b5 19. Nac5 Nxc5 20. Nxc5 Bxc5 21. Rxc5 Bd7 22. Qd3 Rb6 23. Rfc1 a4 24. Qd2 Rb8 25. Re1 Qg6 26. Qa5 Qf7 27. Qc7 Qe6 28. Rec1 Rbc8 29. Qa5 Ra8 30. Qb4 Rab8 31. b3 axb3 32. Qxb3 Kh8 33. a4 bxa4 34. Qxa4 h6 35. h4 Rb6 36. Qa7 Rfb8 37. Qc7 R6b7 38. Qf4 Qf6 39. h5 Qg5 40. Bf3 Qxf4 41. gxf4 Kg8 42. Bd1 Rb4 43. Kg2 Kf7 44. Ra5 Ke7 45. Ba4 Kd6 46. Ra6 R4b6 47. Rxb6 Rxb6 48. Bc2 Rb8 49. Kf3 Rf8 50. Rg1 Rf7 51. Rg6+ Kc7 52. Ke2 Kb6 53. Kd2 Kb5 54. Rd6 Re7 55. Kc3 Be6 56. Rd8 Rb7 57. Rf8 Bf7 58. Bd1 Be6 59. Be2+ Kb6 60. Re8 Bf7 61. Re5 g6 62. hxg6 Bxg6 63. Re6 Rg7 64. Kb4 h5 65. Bb5 Bf7 66. Rxc6+ Kb7 67. Rh6 Kc7 68. Kc5 Kd8 69. Bc6 Rg2 70. Rd6+ Ke7 71. Rd7+ 1-0

[Event "Montreal Varennes op"]
[Site "Montreal"]
[Date "2017.10.07"]
[Round "3"]
[White "Ouellet, Maili Jade"]
[Black "Palsson, Halldor Peter"]
[Result "1-0"]
[WhiteElo "2084"]
[BlackElo "1912"]
[PlyCount "53"]
[EventDate "2017.10.06"]
[EventType "swiss"]
[EventRounds "5"]
[EventCountry "CAN"]
[SourceTitle "CBM 181 Extra"]
[Source "ChessBase"]
[SourceDate "2017.12.12"]
[SourceVersion "1"]
[SourceVersionDate "2017.12.12"]
[SourceQuality "1"]

1. d4 d5 2. c4 e6 3. Nc3 c6 4. Nf3 Nf6 5. Bg5 Nbd7 6. cxd5 exd5 7. e3 Be7 8. Bd3 0-0 9. Qc2 Re8 10. 0-0 Nf8 11. h3 Nh5 12. Bxe7 Qxe7 13. Rab1 a5 14. a3 g6 15. b4 axb4 16. axb4 Kg7 17. b5 Bf5 18. bxc6 bxc6 19. Ne5 Rec8 20. Rb6 Qe8 21. e4 Be6 22. Ba6 Nd7 23. Nxd7 Qxd7 24. Bxc8 Rxc8 25. Rc1 Bxh3 26. gxh3 Qxh3 27. Nxd5 1-0

[Event "Gatineau Outaouais op"]
[Site "Gatineau"]
[Date "2016.06.04"]
[Round "3"]
[White "Sivapathasundaram, Manojh"]
[Black "Palsson, Halldor Peter"]
[Result "0-1"]
[WhiteElo "1846"]
[BlackElo "2055"]
[PlyCount "54"]
[EventDate "2016.06.03"]
[EventType "swiss"]
[EventRounds "5"]
[EventCountry "CAN"]
[SourceTitle "EXT 2022"]
[Source "ChessBase"]
[SourceDate "2021.10.06"]
[SourceVersion "1"]
[SourceVersionDate "2021.10.06"]
[SourceQuality "1"]

1. d4 d5 2. c4 e6 3. Nc3 c6 4. Nf3 dxc4 5. e3 b5 6. a4 Bb4 7. Bd2 a5 8. Ne5 Nf6 9. axb5 Bxc3 10. Bxc3 cxb5 11. b3 Bb7 12. bxc4 b4 13. Bd2 0-0 14. c5 Nc6 15. Nc4 e5 16. dxe5 Nd7 17. Nd6 Nxc5 18. Nxb7 Nxb7 19. Qf3 Qb6 20. Qh5 a4 21. e6 f5 22. Bd3 g6 23. Qh6 Ne5 24. Bc2 Nc5 25. 0-0 Nc4 26. Bxb4 Qxb4 27. Rab1 Qc3 0-1

[Event "Outaouais op (TORO)"]
[Site "Gatineau"]
[Date "2015.06.05"]
[Round "1"]
[White "Palsson, Halldor Peter"]
[Black "Qin, Zi Yi"]
[Result "0-1"]
[WhiteElo "2108"]
[BlackElo "2440"]
[PlyCount "80"]
[EventDate "2015.06.05"]
[EventType "swiss"]
[EventRounds "5"]
[EventCountry "CAN"]
[SourceTitle "EXT 2019"]
[Source "ChessBase"]
[SourceDate "2018.10.10"]
[SourceVersion "1"]
[SourceVersionDate "2018.10.10"]
[SourceQuality "1"]

1. d4 Nf6 2. c4 g6 3. Nc3 Bg7 4. e4 d6 5. f3 c5 6. Nge2 0-0 7. Be3 b6 8. Qd2 Nc6 9. d5 Ne5 10. Ng3 h5 11. Be2 e6 12. 0-0 exd5 13. cxd5 a6 14. a4 h4 15. Nh1 Nh7 16. Nf2 f5 17. h3 Bd7 18. f4 Nf7 19. Bc4 Re8 20. Rfe1 Nf6 21. exf5 Bxf5 22. Re2 Qd7 23. Rae1 Nh5 24. Nh1 Ng3 25. Rf2 Ne4 26. Nxe4 Rxe4 27. b3 b5 28. axb5 axb5 29. Bd3 Rb4 30. Rb1 Re8 31. Re2 c4 32. Qxb4 Bxd3 33. Rbe1 Bxe2 34. Rxe2 Rxe3 35. Rxe3 Bd4 36. Kf2 Qa7 37. bxc4 Bxe3+ 38. Kf3 Qd4 39. Qxb5 Qxf4+ 40. Ke2 Bc5 0-1

[Event "Ottawa RA November op"]
[Site "Ottawa"]
[Date "2014.11.28"]
[Round "1"]
[White "Gelblum, Robert"]
[Black "Palsson, Halldor Peter"]
[Result "1-0"]
[WhiteElo "2251"]
[BlackElo "2045"]
[PlyCount "67"]
[EventDate "2014.11.28"]
[EventType "swiss"]
[EventRounds "5"]
[EventCountry "CAN"]
[SourceTitle "EXT 2022"]
[Source "ChessBase"]
[SourceDate "2021.10.06"]
[SourceVersion "1"]
[SourceVersionDate "2021.10.06"]
[SourceQuality "1"]

1. Nf3 d5 2. c4 e6 3. d4 c6 4. e3 f5 5. Nbd2 Nf6 6. Bd3 Bd6 7. b3 a5 8. a3 0-0 9. Bb2 Ne4 10. Qe2 b6 11. h3 Ba6 12. g4 Nd7 13. cxd5 Bxd3 14. Qxd3 cxd5 15. gxf5 Nxd2 16. Nxd2 Rxf5 17. e4 dxe4 18. Qxe4 Nf8 19. 0-0-0 Rc8+ 20. Kb1 Rxf2 21. Rhg1 Bh2 22. Rg2 Rxg2 23. Qxg2 Bf4 24. d5 Bh6 25. Ne4 exd5 26. Nf6+ Kh8 27. Rxd5 Qe7 28. Ng4 Bf4 29. Qf3 Ng6 30. Qd3 Rg8 31. Qd4 Qe1+ 32. Ka2 Bc1 33. Qxg7+ Rxg7 34. Rd8+ 1-0

[Event "Ottawa Winter op"]
[Site "Ottawa"]
[Date "2014.01.18"]
[Round "3"]
[White "Palsson, Halldor Peter"]
[Black "Fei, David"]
[Result "1-0"]
[WhiteElo "1984"]
[BlackElo "1914"]
[PlyCount "69"]
[EventDate "2014.01.17"]
[EventType "swiss"]
[EventRounds "5"]
[EventCountry "CAN"]
[SourceTitle "EXT 2015"]
[Source "ChessBase"]
[SourceDate "2014.11.20"]
[SourceVersion "1"]
[SourceVersionDate "2014.11.20"]
[SourceQuality "1"]

1. d4 d5 2. c4 dxc4 3. e3 e5 4. Bxc4 exd4 5. exd4 Bd6 6. Nf3 Nf6 7. 0-0 0-0 8. Bg5 h6 9. Bh4 Bf5 10. Nc3 c6 11. a4 Nbd7 12. a5 Qc7 13. Qb3 Bg4 14. Bg3 Bxf3 15. gxf3 Nh5 16. Ne4 Bf4 17. Rfd1 c5 18. dxc5 Ne5 19. Rd5 Kh8 20. Nd6 Qe7 21. Rad1 Nxc4 22. Qxc4 Nxg3 23. hxg3 Bg5 24. b4 a6 25. Kg2 f5 26. Rxf5 Qxd6 27. cxd6 Rxf5 28. f4 Bf6 29. Qe4 Rb5 30. d7 Rd8 31. Rd6 Rg8 32. Re6 Bd8 33. Re8 Bc7 34. Rxg8+ Kxg8 35. Qc4+ 1-0

[Event "Ottawa RA November op"]
[Site "Ottawa"]
[Date "2013.11.10"]
[Round "4"]
[White "Palsson, Halldor Peter"]
[Black "Desjardins, Michel"]
[Result "1-0"]
[WhiteElo "2016"]
[BlackElo "1976"]
[PlyCount "31"]
[EventDate "2013.11.08"]
[EventType "swiss"]
[EventRounds "5"]
[EventCountry "CAN"]
[SourceTitle "EXT 2022"]
[Source "ChessBase"]
[SourceDate "2021.10.06"]
[SourceVersion "1"]
[SourceVersionDate "2021.10.06"]
[SourceQuality "1"]

1. d4 d5 2. c4 dxc4 3. e3 Nf6 4. Bxc4 e6 5. Nf3 c5 6. 0-0 a6 7. a4 b6 8. Qe2 Bb7 9. Rd1 Nbd7 10. Nc3 Qc7 11. e4 cxd4 12. Nxd4 Bd6 13. Bxe6 Bxh2+ 14. Kh1 0-0 15. Bxd7 Nxd7 16. Nf3 1-0

[Event "Gatineau TORO"]
[Site "Gatineau"]
[Date "2013.06.07"]
[Round "1"]
[White "Palsson, Halldor Peter"]
[Black "Upper, John"]
[Result "1-0"]
[WhiteElo "1993"]
[BlackElo "2167"]
[PlyCount "65"]
[EventDate "2013.06.07"]
[EventType "swiss"]
[EventRounds "5"]
[EventCountry "CAN"]
[SourceTitle "EXT 2022"]
[Source "ChessBase"]
[SourceDate "2021.10.06"]
[SourceVersion "1"]
[SourceVersionDate "2021.10.06"]
[SourceQuality "1"]

1. d4 Nf6 2. c4 e6 3. Nf3 c5 4. d5 exd5 5. cxd5 d6 6. Nc3 g6 7. Nd2 Bg7 8. Nc4 0-0 9. Bf4 Ne8 10. e3 a6 11. a4 b6 12. Be2 Ra7 13. 0-0 Rb7 14. e4 Qe7 15. f3 Nd7 16. Bg3 f5 17. exf5 gxf5 18. Re1 Bd4+ 19. Bf2 Bxf2+ 20. Kxf2 Qh4+ 21. Kg1 Kh8 22. Bf1 Ndf6 23. Qb3 Rg8 24. Nxb6 Qd4+ 25. Kh1 c4 26. Qxc4 Qxb6 27. Qxc8 Rc7 28. Qxf5 Qxb2 29. Ne2 Rc5 30. Nf4 Nc7 31. Rad1 Rf8 32. Qh3 Rg8 33. Nd3 1-0

[Event "Capablanca Memorial op-B 48th"]
[Site "Havana"]
[Date "2013.04.30"]
[Round "9"]
[White "Gonzalez Ramos, Eduardo"]
[Black "Palsson, Halldor Peter"]
[Result "1-0"]
[WhiteElo "2048"]
[BlackElo "1984"]
[PlyCount "47"]
[EventDate "2013.04.21"]
[EventType "swiss"]
[EventRounds "9"]
[EventCountry "CUB"]
[SourceTitle "CBM 154 Extra"]
[Source "ChessBase"]
[SourceDate "2013.06.25"]
[SourceVersion "2"]
[SourceVersionDate "2013.06.25"]
[SourceQuality "1"]

1. e4 e6 2. d4 d5 3. Nc3 Bb4 4. exd5 exd5 5. Bd3 Nc6 6. Nge2 Bg4 7. f3 Bh5 8. 0-0 Bg6 9. Re1 Nge7 10. Bg5 f6 11. Bh4 0-0 12. Nf4 Bf7 13. Bf2 Qd7 14. a3 Bd6 15. Nce2 g5 16. Nh3 Be6 17. Ng3 Bxh3 18. gxh3 Qxh3 19. c4 dxc4 20. Bxc4+ Kh8 21. Be6 Qh6 22. b4 Nd8 23. Bb3 Nf7 24. Rxe7 1-0

[Event "Capablanca Memorial op-B 48th"]
[Site "Havana"]
[Date "2013.04.28"]
[Round "7"]
[White "Oliva Meneses, Juan Carlos"]
[Black "Palsson, Halldor Peter"]
[Result "1-0"]
[WhiteElo "2053"]
[BlackElo "1984"]
[PlyCount "97"]
[EventDate "2013.04.21"]
[EventType "swiss"]
[EventRounds "9"]
[EventCountry "CUB"]
[SourceTitle "CBM 154 Extra"]
[Source "ChessBase"]
[SourceDate "2013.06.25"]
[SourceVersion "2"]
[SourceVersionDate "2013.06.25"]
[SourceQuality "1"]

1. e4 e6 2. d3 d5 3. Nd2 Nf6 4. Ngf3 c5 5. g3 b6 6. Bg2 Bb7 7. e5 Nfd7 8. 0-0 Nc6 9. Re1 Qc7 10. Qe2 Be7 11. a3 g5 12. h3 0-0-0 13. c3 h5 14. g4 hxg4 15. hxg4 Rdg8 16. b4 Kb8 17. Nb3 Nd8 18. Bd2 Rh6 19. bxc5 bxc5 20. c4 dxc4 21. dxc4 Rgh8 22. Rab1 Nc6 23. Bc3 Nb6 24. Na5 Nxa5 25. Bxa5 Qc6 26. Bxb6 axb6 27. Rb3 Bd8 28. Reb1 Ka7 29. Qe3 Qe4 30. Qxe4 Bxe4 31. Rd1 Bc6 32. Rd6 Kb7 33. Rxc6 Kxc6 34. Nxg5+ Kc7 35. Nxf7 R8h7 36. Nxh6 Rxh6 37. Rf3 Rh7 38. Rf8 Rg7 39. Bf3 Rg5 40. Rf7+ Kc8 41. Bb7+ Kb8 42. f3 Rxe5 43. f4 Re3 44. Kg2 Rxa3 45. g5 Bc7 46. Bc6 Bd6 47. g6 Ra2+ 48. Kg3 e5 49. g7 1-0

[Event "Gatineau op-A"]
[Site "Gatineau"]
[Date "2012.03.03"]
[Round "3"]
[White "Palsson, Halldor Peter"]
[Black "Wan, Kevin"]
[Result "1/2-1/2"]
[WhiteElo "2004"]
[BlackElo "1785"]
[PlyCount "97"]
[EventDate "2012.03.02"]
[EventType "swiss"]
[EventRounds "5"]
[EventCountry "CAN"]
[SourceTitle "EXT 2022"]
[Source "ChessBase"]
[SourceDate "2021.10.06"]
[SourceVersion "1"]
[SourceVersionDate "2021.10.06"]
[SourceQuality "1"]

1. d4 d5 2. c4 e6 3. Nc3 Nf6 4. Bg5 c6 5. e3 Nbd7 6. Nf3 Bd6 7. Qc2 0-0 8. 0-0-0 a6 9. Bd3 h6 10. h4 b5 11. c5 Bc7 12. g4 e5 13. dxe5 Bxe5 14. Nxe5 Nxe5 15. Bxf6 Qxf6 16. g5 Nxd3+ 17. Qxd3 Qg6 18. gxh6 Qxd3 19. Rxd3 gxh6 20. Rg1+ Kh7 21. Rd4 f5 22. Ne2 Bd7 23. Nf4 Rg8 24. Rdd1 Rae8 25. Nh5 Rg6 26. Rxg6 Kxg6 27. Nf4+ Kf7 28. Rg1 Re4 29. h5 d4 30. Kd2 dxe3+ 31. fxe3 Re5 32. Rg6 Rxc5 33. Rxh6 Re5 34. Rh7+ Ke8 35. Rh8+ Kf7 36. Ra8 Re8 37. Rxa6 Kf6 38. Ra7 Rd8 39. Kc3 Kg5 40. Rc7 Re8 41. Kd3 Rd8 42. Ke2 Kh6 43. a3 Be8 44. b4 Rd6 45. Kf3 Bxh5+ 46. Nxh5 Kxh5 47. Kf4 Kg6 48. Ke5 Rd3 49. Kf4 1/2-1/2

[Event "Capablanca Memorial op-B 45th"]
[Site "Havana"]
[Date "2011.05.13"]
[Round "3"]
[White "Palsson, Halldor Peter"]
[Black "Infante Machin, Brian Jose"]
[Result "1/2-1/2"]
[WhiteElo "2032"]
[BlackElo "2205"]
[PlyCount "55"]
[EventDate "2011.05.11"]
[EventType "swiss"]
[EventRounds "7"]
[EventCountry "CUB"]
[SourceTitle "CBM 142 Extra"]
[Source "ChessBase"]
[SourceDate "2011.06.27"]
[SourceVersion "1"]
[SourceVersionDate "2011.06.27"]
[SourceQuality "1"]

1. d4 Nf6 2. c4 g6 3. Nc3 d5 4. cxd5 Nxd5 5. e4 Nxc3 6. bxc3 Bg7 7. Nf3 c5 8. Rb1 0-0 9. Be2 cxd4 10. cxd4 Qa5+ 11. Bd2 Qxa2 12. 0-0 Nc6 13. Bg5 h6 14. Bh4 g5 15. Bg3 g4 16. Ne5 Nxe5 17. dxe5 Qe6 18. Qd4 Qd7 19. Qxd7 Bxd7 20. Rxb7 Be6 21. f4 gxf3 22. gxf3 a5 23. f4 Rfb8 24. Rxb8+ Rxb8 25. Ra1 Ra8 26. Bb5 Bb3 27. Bc6 Ra6 28. Bb5 1/2-1/2

[Event "Capablanca Memorial op-B 45th"]
[Site "Havana"]
[Date "2011.05.11"]
[Round "1"]
[White "Palsson, Halldor Peter"]
[Black "Perez de Leon, Roberto"]
[Result "1/2-1/2"]
[WhiteElo "2032"]
[BlackElo "2096"]
[PlyCount "50"]
[EventDate "2011.05.11"]
[EventType "swiss"]
[EventRounds "7"]
[EventCountry "CUB"]
[SourceTitle "CBM 142 Extra"]
[Source "ChessBase"]
[SourceDate "2011.06.27"]
[SourceVersion "1"]
[SourceVersionDate "2011.06.27"]
[SourceQuality "1"]

1. d4 Nf6 2. c4 g6 3. Nc3 Bg7 4. e4 d6 5. f3 Nbd7 6. Nh3 c5 7. d5 a6 8. Bg5 Rb8 9. Qd2 Qa5 10. a4 Qb4 11. a5 b5 12. cxb5 axb5 13. a6 c4 14. a7 Ra8 15. Nb1 Qxd2+ 16. Nxd2 Nc5 17. Ra5 Ba6 18. b4 cxb3 19. Nxb3 Nfd7 20. Bd2 Nxb3 21. Rxa6 Bd4 22. Bxb5 Rxa7 23. Rxa7 Bxa7 24. Bc3 Bd4 25. Bxd4 Nxd4 1/2-1/2

[Event "CAN-ch op"]
[Site "Sackville"]
[Date "2001.07.09"]
[Round "4"]
[White "Palsson, Halldor Peter"]
[Black "Poirier, David"]
[Result "1/2-1/2"]
[WhiteElo "2182"]
[BlackElo "1880"]
[PlyCount "46"]
[EventDate "2001.07.??"]
[EventType "swiss"]
[EventRounds "10"]
[EventCountry "CAN"]
[SourceTitle "EXT 2006"]
[Source "ChessBase"]
[SourceDate "2005.11.24"]
[SourceVersion "1"]
[SourceVersionDate "2005.11.24"]
[SourceQuality "1"]

1. d4 d5 2. Nf3 e6 3. Bf4 c6 4. c3 Nf6 5. h3 Bd6 6. Bxd6 Qxd6 7. e3 Nbd7 8. Nbd2 0-0 9. Bd3 e5 10. dxe5 Nxe5 11. Nxe5 Qxe5 12. 0-0 Re8 13. Qf3 b6 14. Rfe1 Ne4 15. Nf1 Bf5 16. Bxe4 Bxe4 17. Qg3 Qf6 18. Nd2 Re5 19. Nxe4 dxe4 20. Rad1 Rae8 21. Rd2 h6 22. Red1 Rg5 23. Qd6 Rf5 1/2-1/2

[Event "CAN-ch op"]
[Site "Sackville"]
[Date "2001.07.08"]
[Round "2"]
[White "Palsson, Halldor Peter"]
[Black "Lipnowski, Samuel"]
[Result "1-0"]
[WhiteElo "2182"]
[BlackElo "2080"]
[PlyCount "53"]
[EventDate "2001.07.??"]
[EventType "swiss"]
[EventRounds "10"]
[EventCountry "CAN"]
[SourceTitle "EXT 2006"]
[Source "ChessBase"]
[SourceDate "2005.11.24"]
[SourceVersion "1"]
[SourceVersionDate "2005.11.24"]
[SourceQuality "1"]

1. d4 Nf6 2. c4 c5 3. d5 d6 4. Nc3 g6 5. e4 Bg7 6. Bd3 0-0 7. Nf3 Bg4 8. h3 Bxf3 9. Qxf3 Na6 10. 0-0 Nc7 11. Bg5 Re8 12. Rae1 a6 13. a4 b5 14. axb5 axb5 15. cxb5 Nd7 16. Qd1 Nb6 17. f4 Qd7 18. f5 Bd4+ 19. Kh1 e6 20. dxe6 fxe6 21. fxg6 hxg6 22. e5 Bxe5 23. Bxg6 Rf8 24. Ne4 Ncd5 25. Qh5 Nf4 26. Rxf4 Rxf4 27. Bxf4 1-0